İstanbul'un mahalleleri - Avrupa Yakası - Statistics

General Stats
  • This quiz has been taken 33 times
  • The average score is 128 of 599
Answer Stats
Cevap % Correct
Mecidiye
63%
Yeni
63%
Mecidiyeköy
58%
Atatürk
54%
Bebek
54%
Mimarsinan
54%
Mimar Sinan
54%
Yıldız
54%
Arnavutköy Merkez
50%
Başak
50%
Cihangir
50%
Etiler
50%
Fatih
50%
Kemer
50%
Merkez
50%
Şişli Merkez
50%
Alibey
46%
Altınşehir
46%
Arnavutköy
46%
Cumhuriyet
46%
Fener
46%
Göztepe
46%
Halkalı Merkez
46%
Kirazlı
46%
Kocatepe
46%
Maslak
46%
Orta
46%
Oruçreis
46%
Şirinevler
46%
Zekeriyaköy
46%
100. Yıl
42%
15 Temmuz
42%
Aksaray
42%
Alibeyköy
42%
Bahçelievler
42%
Beyazıt
42%
Davutpaşa
42%
Fulya
42%
Gazi
42%
Karagümrük
42%
Levent
42%
Ortaköy
42%
Seyrantepe
42%
Yenibosna Merkez
42%
Yeşilköy
42%
Yeşilpınar
42%
Akat
38%
Ataköy 1. Kısım
38%
Atışalanı
38%
Ayazağa
38%
Çağlayan
38%
Feriköy
38%
Güneşli
38%
Gürsel
38%
Hürriyet
38%
İstinye
38%
Karadeniz
38%
Mustafa Kemal Paşa
38%
Nurtepe
38%
Rumelihisarı
38%
Telsiz
38%
Topkapı
38%
Yakuplu
38%
19 Mayıs
33%
Altıntepsi
33%
Atakent
33%
Ayvansaray
33%
Balat
33%
Barbaros
33%
Emirgan
33%
Fatih Sultan Mehmet
33%
Göktürk Merkez
33%
Güzelce
33%
İnönü
33%
İstiklal
33%
Kartaltepe
33%
Kayabaşı
33%
Kazım Karabekir
33%
Kuştepe
33%
Mahmutbey
33%
Sanayi
33%
Sinanpaşa
33%
Tahtakale
33%
Talatpaşa
33%
Tomtom
33%
Vatan
33%
Yavuz Selim
33%
Yeniköy
33%
Yenimahalle
33%
Yeni Mahalle
33%
Yeşilyurt
33%
Yıldıztepe
33%
50. Yıl
29%
5. Levent
29%
Akşemsettin
29%
Ambarlı
29%
Bağlar
29%
Bozkurt
29%
Çeliktepe
29%
Cennet
29%
Çukur
29%
Demirkapı
29%
Dikilitaş
29%
Duatepe
29%
Emniyet Evleri
29%
Esentepe
29%
Fevzi Çakmak
29%
Firuzköy
29%
Garipçe
29%
Gayrettepe
29%
Gülbahar
29%
Gültepe
29%
Hadımköy
29%
Halide Edip Adıvar
29%
Harbiye
29%
Karaburun
29%
Kazlıçeşme
29%
Kuruçeşme
29%
Maltepe
29%
Mevlana
29%
Mimaroba
29%
Ömerli
29%
Osmangazi
29%
Paşa
29%
Rumelikavağı
29%
Şenlikköy
29%
Seyitnizam
29%
Süleymaniye
29%
Tarabya
29%
Terazidere
29%
Tuna
29%
Ulus
29%
Üniversite
29%
Yahya Kemal
29%
Yayla
29%
Yeşilkent
29%
Yıldırım
29%
Ziya Gökalp
29%
75. Yıl
25%
Abdurrahman Nafiz Gürman
25%
Balmumcu
25%
Başakşehir
25%
Beşyol
25%
Birlik
25%
Cebeci
25%
Çobançeşme
25%
Ergenekon
25%
Güvercintepe
25%
Halil Rıfat Paşa
25%
Harmantepe
25%
Kanarya
25%
Kaptanpaşa
25%
Kavaklı
25%
Kısırkaya
25%
Kocasinan Merkez
25%
Kulaksız
25%
Mehmet Akif
25%
Mehmet Akif Ersoy
25%
Menderes
25%
Pınar
25%
Piyalepaşa
25%
Rumelifeneri
25%
Saadetdere
25%
Şirintepe
25%
Soğanlı
25%
Sultançiftliği
25%
Sultan Selim
25%
Sümer
25%
Sütlüce
25%
Taşoluk
25%
Telsizler
25%
Teşvikiye
25%
Vişnezade
25%
Yeşilce
25%
Zafer
25%
Akıncılar
21%
Akpınar
21%
Bahçeşehir 1. Kısım
21%
Bahçeşehir 2. Kısım
21%
Basınköy
21%
Beştelsiz
21%
Cevatpaşa
21%
Çifte Havuzlar
21%
Çınar
21%
Çırçır
21%
Darüşşafaka
21%
Esenkent
21%
Eski Habipler
21%
Eskişehir
21%
Gençosman
21%
Gökalp
21%
Gümüşpala
21%
Güneştepe
21%
Gürpınar
21%
Güven
21%
Güzeltepe
21%
Habibler
21%
Halıcıoğlu
21%
Hamidiye
21%
Hastane
21%
Haznedar
21%
Huzur
21%
İhsaniye
21%
İsmetpaşa
21%
İsmet Paşa
21%
İzzet Paşa
21%
Kemalpaşa
21%
Kireçburnu
21%
Küçük Piyale
21%
Levazım
21%
Mahmut Şevket Paşa
21%
Malkoçoğlu
21%
Mareşal Çakmak
21%
Marmara
21%
Mehmet Nesih Özmen
21%
Mithatpaşa
21%
Muratbey Merkez
21%
Namık Kemal
21%
Nişanca
21%
Nisbetiye
21%
Orhan Gazi
21%
Poligon
21%
Sakızağacı
21%
Sancaktepe
21%
Sarıgöl
21%
Sarıyer
21%
Şehit Muhtar
21%
Silivrikapı
21%
Söğütlü Çeşme
21%
Tayakadın
21%
Topçular
21%
Tozkoparan
21%
Turgut Reis
21%
Yalıköy
21%
Yenidoğan
21%
Yenigün
21%
Yunus Emre
21%
Zuhuratbaba
21%
Abbasağa
17%
Ataköy 2. 5. 6. Kısım
17%
Ataköy 3-4-11. Kısım
17%
Ataköy 7-8-9-10. Kısım
17%
Bahçeköy Merkez
17%
Balaban
17%
Baltalimanı
17%
Barbaros Hayrettin Paşa
17%
Bostan
17%
Büyükdere
17%
Çiftalan
17%
Çırpıcı
17%
Deliklikaya
17%
Demirciköy
17%
Denizköşkler
17%
Emniyettepe
17%
Eyüp Merkez
17%
Ferahevler
17%
Hacı Kadın
17%
Halaskargazi
17%
İmrahor
17%
İslambey
17%
İstasyon
17%
Karadolap
17%
Karayolları
17%
Koca Mustafapaşa
17%
Kumburgaz
17%
Kumköy (Kilyos)
17%
Merkezefendi
17%
Meşrutiyet
17%
Muratpaşa
17%
Nene Hatun
17%
Nine Hatun
17%
Nuripaşa
17%
Örnek
17%
Örnektepe
17%
Ortabayır
17%
Piri Mehmet Paşa
17%
Pirinççi
17%
Şamlar
17%
Sazlıbosna
17%
Şehremini
17%
Silahtarağa
17%
Siyavuşpaşa
17%
Turgut Özal
17%
Uğur Mumcu
17%
Uskumruköy
17%
Veliefendi
17%
Yavuz Sultan Selim
17%
Yedikule
17%
Yeşiltepe
17%
Zeytinlik
17%
Zübeyde Hanım
17%
Ağaçlı
13%
Akşemseddin
13%
Anadolu
13%
Asmalı Mescit
13%
Bahçeköy Kemer
13%
Barış
13%
Bolluca
13%
Büyükşehir
13%
Camiikebir
13%
Cankurtaran
13%
Çayırbaşı
13%
Cevizlik
13%
Cibali
13%
Cihannüma
13%
Defterdar
13%
Emekyemez
13%
Güzelyurt
13%
Hacımaşlı
13%
Konaklar
13%
Kültür
13%
Maden
13%
Mercan
13%
Mesihpaşa
13%
Mimar Kemalettin
13%
Molla Gürani
13%
Muradiye
13%
Osmaniye
13%
Piri Reis
13%
Sahil
13%
Şehitler
13%
Selahaddin Eyyubi
13%
Sinanoba
13%
Sultan Ahmet
13%
Sultan Murat
13%
Tevfikbey
13%
Türkali
13%
Türkoba
13%
Yarımburgaz
13%
Yassıören
13%
Yeşilbayır
13%
Yeşilova
13%
Yeşil Vadi
13%
Yıldıztabya
13%
Adnan Kahveci
8%
Adnan Menderes
8%
Akçaburgaz
8%
Akevler
8%
Alkent 2000
8%
Ardıçlı
8%
Atikali
8%
Aydınlar
8%
Bağlarbaşı
8%
Bahçeköy Yeni
8%
Bedrettin
8%
Boyalık
8%
Bülbül
8%
Büyük Çavuşlu
8%
Çakıl
8%
Çatma Mescit
8%
Celepköy
8%
Cerrahpaşa
8%
Dağyenice
8%
Dereağzı
8%
Düğmeciler
8%
Dursunköy
8%
Durusu
8%
Elbasan
8%
Gökçeali
8%
Gümüşdere
8%
Gümüşyaka
8%
Hacıahmet
8%
Hacımimi
8%
Hallaçlı
8%
Haraççı
8%
Hisarbeyli
8%
Hobyar
8%
Hocapaşa
8%
İnceğiz
8%
Işıklar
8%
İzzettin
8%
Kaleiçi
8%
Kalfa
8%
Karacaköy Merkez
8%
Karamandere
8%
Karlıtepe
8%
Kazım Karabekir Paşa
8%
Kestanelik
8%
Kocataş
8%
Küçük Ayasofya
8%
Mavigöl
8%
Mevlanakapı
8%
Mimar Hayrettin
8%
Odayeri
8%
Pazariçi
8%
Ptt Evleri
8%
Rami Cuma
8%
Rami Yeni
8%
Reşitpaşa
8%
Şahintepesi
8%
Sakarya
8%
Şemsipaşa
8%
Subaşı
8%
Yazlık
8%
Yenişehir
8%
Zeyrek
8%
Ahmediye
4%
Akalan
4%
Akören
4%
Alemdar
4%
Ali Kuşçu
4%
Alipaşa
4%
Bahşayiş
4%
Baklalı
4%
Balabanağa
4%
Balıkyolu
4%
Battalgazi
4%
Bekirli
4%
Belgrat
4%
Bereketzade
4%
Beyciler
4%
Binbirdirek
4%
Boğazköy İstiklal
4%
Büyük Sinekli
4%
Çakmaklı
4%
Çamlıtepe
4%
Çanakça
4%
Çayırdere
4%
Celaliye
4%
Çeltik
4%
Çiftlikköy
4%
Danamandıra
4%
Derviş Ali
4%
Ferhatpaşa
4%
Gazitepe
4%
Gümüşsuyu
4%
İskenderpaşa
4%
Kabakça
4%
Kadıköy
4%
Kadımehmet Efendi
4%
Kalenderhane
4%
Kamiloba
4%
Karaağaç
4%
Katip Kasım
4%
Kılıçali Paşa
4%
Kızılcaali
4%
Küçük Sinekli
4%
Mareşal Fevzi Çakmak
4%
Molla Fenari
4%
Molla Hüsrev
4%
Murat Çeşme
4%
Nakkaş
4%
Oklalı
4%
Ömer Avni
4%
Örcünlü
4%
Örencik
4%
Ormanlı
4%
Ovayenice
4%
Rüstempaşa
4%
Sayalar
4%
Şehsuvar Bey
4%
Selimpaşa
4%
Semizkumlar
4%
Seyyid Ömer
4%
Sultaniye
4%
Sümbül Efendi
4%
Sururi
4%
Taya Hatun
4%
Yahya Kahya
4%
Yavuz Sinan
4%
Yolçatı
4%
Arap Cami
0%
Aşık Veysel
0%
Büyük Kılıçlı
0%
Çanta Balaban
0%
Çanta Sancaktepe
0%
Çilingir
0%
Değirmenköy İsmetpaşa
0%
Değitmenköy Fevzipaşa
0%
Demirtaş
0%
Dizdariye
0%
Ekinoba
0%
Emin Sinan
0%
Evliya Çelebi
0%
Fetihtepe
0%
Firüzağa
0%
Gökevler
0%
Gümüşpınar
0%
Haseki Sultan
0%
Hicret
0%
Hırka-iFbelgr Şerif
0%
Hoca Gıyasettin
0%
Hüseyinağa
0%
İncirtepe
0%
Kalyoncukulluk
0%
Kamerhatun
0%
Karlıbayır
0%
Katipmustafa Çelebi
0%
Kavaklı İstiklal
0%
Keçecipiri
0%
Kemankeş Karamustafapaşa
0%
Koza
0%
Küçük Kılıçlı
0%
Kuloğlu
0%
Kurfallı
0%
Mehterçeşme
0%
Müeyyetzade
0%
Muhsine Hatun
0%
Necip Fazıl Kısakürek
0%
Pınartepe
0%
Pürtelaş Hasan Efendi
0%
Şahkulu
0%
Saraç İshak
0%
Sarıdemir
0%
Seymen
0%
Terkos
0%
Üçevler
0%
Yaylacık
0%
Yenikent
0%
No matching quizzes found
Score Distribution
Percent of People with Each Score
Percentile by Number Answered
Your Score History
You have not taken this quiz